Nalaganje...

Guru Nithyachaithanya Yati Ashanekurichu ezhuthiyathellam

Bibliografske podrobnosti
Glavni avtor: Nityachaitanya Yati
Format: Printed Book
Izdano: Thrissur Malayala Patana Gaveshanakendram 2011
Teme:
LEADER 00723nam a22002051a 4500
020 |c 0.00 
040 |a SSUS - Library - Kalady 
082 |a M100 9  |b NIT/G 
100 |a Nityachaitanya Yati 
245 |a Guru Nithyachaithanya Yati Ashanekurichu ezhuthiyathellam  |h [Text] 
260 |a Thrissur  |b Malayala Patana Gaveshanakendram  |c 2011 
300 |a 304p. 
600 |a Literature 
600 |a Literature Malayalam 
600 |a Poetry Malayalam Study 
600 |a Poetry Ashan Study 
852 |h M100 9  |i NIT/G  |p 067596  |9 230.00  |t 0 
942 |c BK 
999 |c 16784  |d 16784 
952 |0 0  |1 0  |4 0  |6 M_100_900000000000000_NIT_G  |7 0  |9 23673  |a SSUS  |b SSUS  |d 2015-01-08  |g 230.00  |l 3  |o M100 9 NIT/G  |p 067596  |r 2020-05-19  |s 2020-04-30  |v 0.00  |w 2015-01-08  |y BK